Frecuencia modulada / (Record no. 147021)

MARC details
000 -LEADER
campo de control de longitud fija 00627nam a2200229 i 4500
001 - NÚMERO DE CONTROL
campo de control 147021
003 - IDENTIFICADOR DE NÚMERO DE CONTROL
campo de control ES-MaACL
005 - FECHA Y HORA DE LA ÚLTIMA TRANSACCIÓN
campo de control 20230906201754.0
007 - CAMPO FIJO DE DESCRIPCIÓN FÍSICA--INFORMACIÓN GENERAL
campo de control de longitud fija t|
008 - DATOS DE LONGITUD FIJA--INFORMACIÓN GENERAL
campo de control de longitud fija 070920s1959 sp ||||1| spa d
080 ## - NÚMERO DE LA CLASIFICACIÓN DECIMAL UNIVERSAL
Número de la Clasificación Decimal Universal 621.396.216
100 1# - ENTRADA PRINCIPAL--NOMBRE DE PERSONA
Nombre de persona Darkness, R. J.
9 (RLIN) 42731
245 10 - MENCIÓN DEL TÍTULO
Título Frecuencia modulada /
Mención de responsabilidad, etc. R.J. de Darkness [seud.].
250 ## - MENCION DE EDICION
Mención de edición 1ª ed.
260 ## - PUBLICACIÓN, DISTRIBUCIÓN, ETC.
Lugar de publicación, distribución, etc. Barcelona :
Nombre del editor, distribuidor, etc. Bruguera,
Fecha de publicación, distribución, etc. 1959.
300 ## - DESCRIPCIÓN FÍSICA
Extensión 223 p. ;
Dimensiones 19 cm.
490 1# - MENCIÓN DE SERIE
Mención de serie Técnica al día
650 14 - PUNTO DE ACCESO ADICIONAL DE MATERIA--TÉRMINO DE MATERIA
Término de materia o nombre geográfico como elemento de entrada Modulación de frecuencia.
9 (RLIN) 15135
830 0# - PUNTO DE ACCESO ADICIONAL DE SERIE-TÍTULO UNIFORME
Título uniforme Técnica al día
9 (RLIN) 187437
852 ## - LOCALIZACIÓN
Ubicación ES-MaACL
Número de control de estantería C-16314
Sublocalización o colección R.44217
Holdings
Estatus retirado Estado de pérdida Estado de daño No para préstamo Biblioteca de origen Biblioteca actual Ubicación en estantería Fecha de adquisición Fuente de adquisición Total de préstamos Signatura topográfica completa Código de barras Visto por última vez Precio de reemplazo Tipo de ítem Koha
        Biblioteca del Ateneo de Madrid Biblioteca del Ateneo de Madrid Galería 17/01/2008     C-16314 1153434 23/02/2023 23/02/2023 Libro impreso